Flexible Plankostenrechnung und Deckungsbeitragsrechnung

Na minha lista:
Detalhes bibliográficos
Autor principal: Kilger, Wolfgang
Formato: Livro
Idioma:alemão
Publicado em: Wiesbaden Gabler 1988
Edição:9. verb. Aufl.
Assuntos:
Tags: Adicionar Tag
Sem tags, seja o primeiro a adicionar uma tag!

MARC

LEADER 00000nam a2200000 4500
001 c000159
005 20221219111718.9
020 |a 3-409-26084-6 
041 0 |a ger 
044 |a DE 
245 1 0 |a Flexible Plankostenrechnung und Deckungsbeitragsrechnung  |c Wolfgang Kilger 
250 |a 9. verb. Aufl. 
264 1 |a Wiesbaden  |b Gabler  |c 1988 
300 |a 821 s. 
610 2 0 |a účtovníctvo 
610 2 0 |a náklady 
610 2 0 |a plánovanie 
610 2 0 |a Nemecko 
100 1 |a Kilger, Wolfgang